000 00334nam a2200145Ia 4500
008 230917s9999||||xx |||||||||||||| ||und||
040 _e108085
_aMAIN
041 _aEnglish
082 _a658.8 I2I
100 _aICFAI
245 0 _aInnovations in marketing
260 _aHyderabad
_bICFAI
_c2003
300 _a182p p.
942 _cBK
999 _c123131
_d123131